Peces serránidos del parque Gorgona, Pacífico colombiano (Registro nro. 14130)

Detalles MARC
000 -CABECERA
Campo de control 004090000a22001210004500
090 ## - CLASIFICACIÓN LOCAL
Colección AS
Consecutivo Seriadas
041 0# - IDIOMA
Código de idioma para texto/pista de sonido o título separado
100 1# - ASIENTO PRINCIPAL--NOMBRE PERSONAL
Nombre personal Franke Ante, Rebeca
245 10 - MENCION DE TITULO
Título Peces serránidos del parque Gorgona, Pacífico colombiano
700 1# - ASIENTO SECUNDARIO - NOMBRE PERSONAL
Nombre personal Acero P., Arturo
773 1# - Item fuente:
Título Revista de la Academia Colombiana de Ciencias Exactas, Fisicas y Naturales
Especificación de materiales 32
Descripción física 74
Paginas del Articulo 593-600
Lugar, editorial y fecha de publicación 1995
Información sobre la relación 19
942 ## - ELEMENTOS ADICIONALES (KOHA)
Tipo de ítem Artículo

No hay ítems disponibles.